Petundjuk pemimpin penggalang Gerakan Pramuka, (Record no. 65674)

MARC details
000 -LEADER
fixed length control field 00648nam a22002171 4500
001 - CONTROL NUMBER
control field sa 65008278
003 - CONTROL NUMBER IDENTIFIER
control field DLC
005 - DATE AND TIME OF LATEST TRANSACTION
control field 20260227112155.0
008 - FIXED-LENGTH DATA ELEMENTS--GENERAL INFORMATION
fixed length control field 790608s1964 io a 00000 ind
010 ## - LIBRARY OF CONGRESS CONTROL NUMBER
LC control number sa 65008278 //r792
025 ## - OVERSEAS ACQUISITION NUMBER
Overseas acquisition number PL480:Indo-1987
043 ## - GEOGRAPHIC AREA CODE
Geographic area code a-io---
050 0# - LIBRARY OF CONGRESS CALL NUMBER
Classification number HQ799.I6
Item number G43 1964
110 20 - MAIN ENTRY--CORPORATE NAME
Corporate name or jurisdiction name as entry element Gerakan Pendidikan Kepanduan Praja Muda Karana.
245 10 - TITLE STATEMENT
Title Petundjuk pemimpin penggalang Gerakan Pramuka,
Statement of responsibility, etc. disusun oleh Mh. Takijoeddin dkk.
250 ## - EDITION STATEMENT
Edition statement Tjet. 2.
260 0# - PUBLICATION, DISTRIBUTION, ETC.
Place of publication, distribution, etc. Bandung,
Name of publisher, distributor, etc. Pelita Masa,
Date of publication, distribution, etc. 1964.
300 ## - PHYSICAL DESCRIPTION
Extent 94 p.
Other physical details illus.
Dimensions 18 cm.
650 #0 - SUBJECT ADDED ENTRY--TOPICAL TERM
Topical term or geographic name entry element Youth
Geographic subdivision Indonesia.
700 10 - ADDED ENTRY--PERSONAL NAME
Personal name Takijoeddin, Mh.,
Relator term ed.

No items available.

Powered by Koha